| 000 | 00470nam a2200145Ia 4500 | ||
|---|---|---|---|
| 008 | 170221s9999 xx 000 0 und d | ||
| 100 | _aForrest Thompson | ||
| 245 | _aPerformance of HBCUs on the CPA examination for the year 2012 | ||
| 245 | _cForrest Thompson, Albany State University. | ||
| 260 | _bJournal of Management and Marketing Research | ||
| 260 | _c2014 | ||
| 300 | _a14 : 1 | ||
| 650 | _xBusiness | ||
| 856 | _uhttp://www.aabri.com/manuscripts/121427.pdf | ||
| 999 |
_c311572 _d311572 |
||